[Event "ROM-ch U10"]
[Site "Calimanesti"]
[Date "2014.04.07"]
[Round "2"]
[White "Arsinoaia, Ioan Alexandru"]
[Black "Padurariu, Mihai Edward"]
[Result "0-1"]
[WhiteElo "1288"]
[BlackElo "1528"]
[PlyCount "68"]
[EventDate "2014.04.06"]
[EventType "swiss"]
[EventRounds "9"]
[EventCountry "ROU"]
[SourceTitle "CBM 160 Extra"]
[Source "ChessBase"]
[SourceDate "2014.07.01"]
[SourceVersion "1"]
[SourceVersionDate "2014.07.01"]
[SourceQuality "1"]

1. e4 c5 2. Nc3 Nc6 3. Nf3 g6 4. Bc4 Bg7 5. d3 e6 6. Be3 b6 7. d4 cxd4 8. Nxd4 Nge7 9. Bb5 Bb7 10. 0-0 0-0 11. a3 Rc8 12. Nxc6 dxc6 13. Bc4 Qxd1 14. Raxd1 Rfd8 15. f3 Kf8 16. Bg5 Ke8 17. Bxe7 Kxe7 18. Rfe1 Rxd1 19. Rxd1 Rd8 20. Rxd8 Kxd8 21. Kf2 Kd7 22. g4 g5 23. h3 h6 24. Nd1 c5 25. c3 Bc6 26. b3 Kd6 27. a4 Kc7 28. Bb5 Bxb5 29. axb5 Kd6 30. c4 Bd4+ 31. Kg3 Ke5 32. h4 gxh4+ 33. Kxh4 Kf4 34. Kh5 Kxf3 0-1